Aprendizajes, conexiones y artefactos: la producción colaborativa del conocimiento
Guardat en:
| Autor principal: | |
|---|---|
| Format: | Llibre |
| Idioma: | espanyol |
| Publicat: |
Barcelona
Gedisa
2008
|
| Edició: | 1a. ed |
| Col·lecció: | Comunicación Educativa
|
| Matèries: | |
| Etiquetes: |
Afegir etiqueta
Sense etiquetes, Sigues el primer a etiquetar aquest registre!
|
MARC
| LEADER | 00000cam a2200000 a 4500 | ||
|---|---|---|---|
| 001 | UCD0536 | ||
| 003 | CL-VaPUC | ||
| 008 | 151204e20080000sp |||||||||||||||||spa|d | ||
| 020 | |a 9788497842532 | ||
| 082 | 0 | 4 | |a 658.4038 |b GRO |2 21 |
| 100 | |a Gros Salvat, Begoña |e author |9 583518 | ||
| 245 | 1 | 0 | |a Aprendizajes, conexiones y artefactos: la producción colaborativa del conocimiento |
| 250 | |a 1a. ed | ||
| 300 | |a 171 p | ||
| 942 | |c BK | ||
| 945 | |d 20151204 12:43:00 |a dcastane | ||
| 260 | |a Barcelona |b Gedisa |c 2008 | ||
| 650 | 7 | |a CAPITAL INTELECTUAL |2 CL-VaPUC |9 480978 | |
| 650 | 0 | |a Gestión del conocimiento |9 469524 | |
| 650 | 0 | |a Gestión de la información |9 362327 | |
| 583 | |a last modification |c 20151204 12:43:00 |k Rodrigo Vera | ||
| 490 | 0 | |a Comunicación Educativa | |
| 999 | |c 362037 |d 362035 | ||
| 952 | |0 0 |1 0 |3 erb |4 0 |6 658_403800000000000_GRO_2008 |7 0 |8 A |9 472894 |a BIBEDU |b BIBEDU |i 5254159 |o 658.4038 GRO 2008 |p 5254159 |r 2019-11-24 |w 2019-11-24 |y BK |z Catalogado en:20151204 |k EPE | ||
| 952 | |0 0 |1 0 |3 erb |4 0 |6 658_403800000000000_GRO_2008 |7 0 |8 A |9 472895 |a BIBEDU |b BIBEDU |i 5254167 |o 658.4038 GRO 2008 |p 5254167 |r 2019-11-24 |w 2019-11-24 |y BK |z Catalogado en:20151204 |k EPE | ||
| 952 | |0 0 |1 0 |3 erb |4 0 |6 658_403800000000000_GRO_2008 |7 0 |8 A |9 472896 |a BIBEDU |b BIBEDU |i 5254175 |o 658.4038 GRO 2008 |p 5254175 |r 2019-11-24 |w 2019-11-24 |y BK |z Catalogado en:20151204 |k EPE | ||